000 00766cam a2200229 4500
001 0000005831
008 741216s1971 ke a b 100 0 eng
010 _a 74173229
040 _aDLC
_cDLC
_dDLC
050 0 0 _aBL2464
_bAFR
245 1 0 _aAfrican initiatives in religion :
_b21 studies from Eastern and Central Africa. /
_cDavid B. Barrett, editor.
264 _a[Nairobi] :
_bEast African Publishing House,
_c[1971]
300 _axviii, 288 p. :
_billus. ;
_c22 cm.
336 _atext
_btxt
337 _aunmediated
_bn
338 _2rdacarrier
500 _aPapers presented at the workshop.
651 0 _aAfrica, Eastern
942 _cOS
999 _c5600
_d5600